000 00187 a2200097 4500
020 _a9780345386847
041 _aeng
100 _aBernhardt, William
245 _aCruel justice
942 _cBK
999 _c8130
_d8130